Αποτελέσματα απογραφής οικοδομών - κτιρίων
Αποθηκεύτηκε σε:
| Συγγραφή απο Οργανισμό/Αρχή: | |
|---|---|
| Μορφή: | Περιοδική έκδοση |
| Γλώσσα: | Greek |
| Δημοσίευση: |
Αθήνα :
Εθνική Στατιστική Υπηρεσία της Ελλάδος,
2000.
|
| Σειρά: | Ε-Οικοδόμηση, οικισμός
|
| Θέματα: | |
| Διαθέσιμο Online: | Διάθεση ΕΛΣΤΑΤ: |
| Ετικέτες: |
Προσθήκη ετικέτας
Δεν υπάρχουν, Καταχωρήστε ετικέτα πρώτοι!
|
MARC
| LEADER | 00000nas a2200000 i 4500 | ||
|---|---|---|---|
| 001 | 1/84901 | ||
| 008 | 050906u194 9999gr r rss | |gre|| | ||
| 022 | |a 11085185 | ||
| 035 | |l 10080137 | ||
| 040 | |a GR-MY-UA |b gre |e aacr | ||
| 041 | 0 | |a gre | |
| 082 | 0 | |a 643.1 |2 (22) | |
| 110 | 2 | |a Εθνική Στατιστική Υπηρεσία της Ελλάδος. | |
| 245 | 1 | 0 | |a Αποτελέσματα απογραφής οικοδομών - κτιρίων |h [περιοδικό] / |c Ελληνικη Δημοκρατία, Γενική Γραμματεία Εθνικής Στατιστικής Υπηρεσίας της Ελλάδος. |
| 246 | 1 | |a Απογραφή οικοδομών - κτιρίων | |
| 246 | 1 | |a Buildings - dwellings census | |
| 260 | |a Αθήνα : |b Εθνική Στατιστική Υπηρεσία της Ελλάδος, |c 2000. | ||
| 300 | |a 627 σ. : |b πίν. ; |c 28 εκ. | ||
| 310 | |a Ακανόνιστη | ||
| 490 | 1 | |a (Ε-Οικοδήμηση, οικισμός, περιβάλλον ; |v 25) | |
| 500 | |a Η περιγραφή βασίστηκε στο τεύχος της απογραφής της 1ης Δεκεμβρίου 1990. | ||
| 650 | 0 | 0 | |a Buildings |z Greece |x Statistics |x Periodicals. |
| 650 | 0 | 0 | |a Housing |z Greece |x Statistics |x Periodicals. |
| 830 | 0 | |a Ε-Οικοδόμηση, οικισμός | |
| 853 | |a INST |b LESVOS |c SER |h 643.1 | ||
| 856 | |z Διάθεση ΕΛΣΤΑΤ: |u http://dlib.statistics.gr/portal/page/portal/ESYE/complexsearch | ||
| 901 | |a BIBL1-2005-3 | ||
| 920 | |a ΕΘΝΙΚΗ ΣΤΑΤΙΣΤΙΚΗ ΥΠΗΡΕΣΙΑ ΕΛΛΑΔΟΣ (ΕΣΥΕ) |y Λέσβος | ||
| 970 | |a ΤΖΑΦΕΡΗ |b ΕΥΑΓΓΕΛΙΑ |z 2005/09/06 | ||